Soil Mecahnics (Record no. 1135)

000 -LEADER
fixed length control field 00277 a2200097 4500
082 ## - DEWEY DECIMAL CLASSIFICATION NUMBER
Classification number 624.15136 VER
100 ## - MAIN ENTRY--PERSONAL NAME
Personal name Verruijt, Arnold
245 ## - TITLE STATEMENT
Title Soil Mecahnics
Statement of responsibility, etc. Arnold Verruijt
260 ## - PUBLICATION, DISTRIBUTION, ETC.
Place of publication, distribution, etc. Netherlands :
Name of publisher, distributor, etc. Delft University of Technonlogy,
Date of publication, distribution, etc. 2006
300 ## - PHYSICAL DESCRIPTION
Extent 315p. :
Other physical details ill. ;
Dimensions 20 cm
650 ## - SUBJECT ADDED ENTRY--TOPICAL TERM
Topical term or geographic name entry element Soil Mecahnics
Holdings
Withdrawn status Lost status Damaged status Not for loan Permanent Location Current Location Shelving location Date acquired Total Checkouts Full call number Barcode Date last seen Price effective from Koha item type
        School of Civil and Environmental Engineering (SCEE) School of Civil and Environmental Engineering (SCEE)       624.15136 VER NIT-4244 01/05/2017 01/05/2017 Book
© 2023 Central Library, National University of Sciences and Technology. All Rights Reserved.